Quizzes
Events
Quiz Creation
Community
Videos
Private Events
Remove Ads
Sign In
Join for FREE
Feedback
Dark Mode
Quiz Categories
Sports
Geography
Music
Movies
Television
Just For Fun
Miscellaneous
History
Literature
Language
Science
Gaming
Entertainment
Religion
Holiday
For Kids
Quiz Lab
Recent
Popular Today
Quiz Kudos Today
Editor Picks
Curator Picks
Quizzes by...
Day
Popularity
Type
Ratings
Length
Year
Community
Subscriptions
Recent Discussions
Orange Saloon
Badges
Playlists
Quests
Create
Leaderboards
Showdown
Live 5
Trivia Bingo
Activity
Puzzle Library
Sporcle Events
Private Events
Virtual Trivia
Globe League
Become a Host
Pub Owners
SporcleCon
Opinionation
Our Games
Videos
Blog
Mobile Apps
Partnerships
Remove Ads and Go Orange
Feedback
Language
Vocabulary
Begins and Ends
Definition
Spanish
French
German
Italian
Chinese
Latin
Translation
Japanese
Language
Vocabulary
Begins and Ends
Definition
Spanish
French
German
Italian
Chinese
Latin
Translation
Japanese
Random Quiz
Search Sporcle
×
Quiz Lab
Quiz Lab
Language
Letter
Type in answers that appear in a list
Type in answers that appear in a list
Classic
Best Score? Go Orange.
A-Z Alliterations Stats
Can you name the Alliterations A to Z?
By
davidsly
9m
26 Questions
415 Plays
415 Plays
415 Plays
Comments
Comments
Give Quiz Kudos
Give Quiz Kudos
-
- Ratings
hide this ad
Replay
Link that replays current quiz
Next Quiz
Link to next quiz in quiz playlist
You Got
0%
They Got
Avg Score
52%
Avg Friend Score
Upgrade to see
Score Distribution
Jump to the score distribution portion of the page
Score
0/26
Timer
09:00
0
Plays Today
Clue
Alliteration
% Correct
Children of the post World War II era
Baby Boomers
88.4%
My mother's mother's mother, for instance
Great Grandmother
84.8%
To go back and forth at jagged angles
Zig-Zag
84.8%
Would you believe this popular string-
and-
disc toy dates back 2,500 years?
Yo-Yo
82.6%
The 40th president of the United States
Ronald Reagan
80.2%
The primate terror of New York City in a classic 1933 film
King Kong
74.6%
Another name for the NCAA basketball tournament
March Madness
72.9%
Interactive, Milton Bradley board game in which your 'animal' tries to 'eat' the marbles from the center of the board
Hungry Hungry Hippos
70.8%
Famous uni-
lobed painter of sunflowers and 'Starry Night'
Vincent Van Gogh
70.3%
Close finishers in a race might be said to be:
Neck and neck
56.5%
Winners of baseball's 2008 World Series
Philadelphia Phillies
52.4%
The penultimate round of the 'M' alliteration
Final Four
51.4%
Author of Finnegan's Wake, Ulysses, The Dubliners, and Portrait of the Artist as a Young Man, to name a few
James Joyce
51.2%
Clue
Alliteration
% Correct
What you might be asked to answer on a 'mini-
test' in school
Quiz Questions
50.5%
Indoor children's playhouse with a mouse-
mascot
Chuck E. Cheese's
49.3%
Peter Piper and a woodchuck are stars of these
Tongue Twisters
46.6%
A common exclamation from Looney Toons' Sylvester the cat
Sufferin' succotash!
45.7%
The most popular roadside assistance in the US
American Automobile Association
44.7%
What a child might send away for to write a secret letter
Invisible Ink
44.2%
Children's game phrase indicating it's safe to come out. Thought to originate from 'All ye, all ye 'outs' in free.'
Olly Olly Oxen Free
40.8%
American songwriter and actor; once married to Julia Roberts
Lyle Lovett
40.3%
'Swoop,' a red-
tailed hawk, is the mascot of this school
University of Utah
30.4%
Famous Romantic poet and English poet-
laureate from 1843 to 1850
William Wordsworth
27.3%
1967 World War II movie about a group of criminals used in a secret military operation
The Dirty Dozen
24.9%
Danish-
German-
American psychologist and psychoanalyst famous for coining the term 'identity crisis'
Eric Erikson
5.3%
Jamie Stewart's alternative rock band. Their new album is titled 'Dear God, I Hate Myself'
Xiu Xiu
2.4%
Quiz Playlist
Details
Report
Send in Message
Add To Playlist
Classic:
Type in answers that appear in a list
Last Updated: Feb 16, 2017
Quiz Scoreboard
CHALLENGE
Sign Up to Join the Scoreboard
Show All
Scores
Hide
Comments
May contain spoilers
Recently Published
College Basketball Coaching Resumes
by pancakes188
Sports
9m
Billboard Blitz: Fleetwood Mac
by CooCooCachoo
Music
15s
Presidents Visiting Landmarks
by Hejman
History
7m
More to Explore
Quiz From the Vault
Featured Blog Post
Where Did the Easter Bunny Come From?
hide this ad
You Might Also Like...
Tags
Letter Quiz
A-Z
Alliteration
Today's Top Quizzes in Language
Browse Language
hide this ad
Today's Top Quizzes in Letter
Browse Letter
Top Contributed Quizzes in Language
1
1-10 Letter F Words III
2
1-10 Letter G Words III
3
Alphabetize! : 'As' words
4
1-10 Letter H Words III
5
Order Up: Top 10 Most Native Spoken Languages
6
Celtic Nations in their Language
7
One Thing in Common: Italy
8
1-10 Letter I Words III
9
1-10 Letter J Words III
10
Weisst du, aus welchen Sprachen diese Wörter stammen?
Explore More
Trending Topics
Kpop
Disney
Crossword
Harry Potter
Anime
Marvel
NBA
WWE
Country
The Office
Puzzle
Soccer
Song
Pokémon
NFL
hide this ad
More By:
davidsly
Quiz
Plays
Rating
Category
Featured
Created
A-Z Alliterations
415
3.63
Language
Mar 28, 2010
More than a Name
307
3.64
Language
Feb 14, 2010
Go to Creator's Profile
Score Distribution
Quiz Creator Spotlight
davidsly
Follow
Send a Message
Quizzes Created
-
Created Quiz Play Count
-
More By This Creator
Popular Quizzes Today
1
Find the US States - No Outlines Minefield
2
Find the Countries of Europe - No Outlines Minefield
3
The Countries of the World
4
Find the US States
5
Risky Map Clicking: Biggest States A-Z
6
US States
7
Popular People in 1961
8
Movies - When Are They Set?
More Language Quizzes
'G' in the Middle
Published
Trending Quizzes
Risky Map Clicking: Least Populous States A-Z
1-10 Letter G Words
1-10 Letter F Words
Risky Map Clicking: Next State Alphabetically
Risky Map Clicking: Biggest States A-Z
Recently Updated
Leaping Animals
pecheneg
Reality TV Shows (A-Z)
bhenderson79
Rickey Henderson's Hall of Fame Teammates
pecheneg
Champions League XIs: Arsenal
pecheneg
Quick Pick: Celebrities in WWE's Hall of Fame
aduchscher
A-Z Keypad Blitz II
pecheneg
Multiple Oscar Actors
pecheneg
Mystery Phrase Blitz: Oscar 'Best Actors'
pecheneg
F. Scott Fitzgerald Novels
LTH
Pick 3 Villains
ddd62291
Trending Topics
Disney
Kpop
Marvel
NBA
Harry Potter
Anime
Crossword
Country
The Office
Song
Pokémon
NFL
WWE
Puzzle
Soccer
Your Account Isn't Verified!
In order to create a playlist on Sporcle, you need to verify the email address you used during registration. Go to your
Sporcle Settings
to finish the process.
Report this User
Report this user for behavior that violates our
Community Guidelines
.
Details:
Send Report
Go to the Sporcle.com Mobile Site →
Comments